Vista normal
Vista MARC
Entrada Materia (personas)
Número de registros utilizados en: 1
001 - CONTROL NUMBER
- control field: 36967
003 - CONTROL NUMBER IDENTIFIER
- control field: Co-BoUCM
005 - DATE AND TIME OF LATEST TRANSACTION
- control field: 20130508095726.0
008 - FIXED-LENGTH DATA ELEMENTS
- fixed length control field: 130508|| aca||aabn | a|a d
040 ## - CATALOGING SOURCE
- Original cataloging agency: Co-BoUCM
- Transcribing agency: Co-BoUCM
100 ## - HEADING--PERSONAL NAME
- Personal name: Aldimari, Biagio
- Dates associated with a name: 1630-1713
670 ## - SOURCE DATA FOUND
- Source citation: Work cat.: (Co-BoUCM)69541: Rovito, Scipione 1556-1636 36966, Consiliorum seu juris responsorum, cum decisionibus supremorum Regni Neapolitani tribunalium in calce cuiuslibet annotatis, 1696